000 00733nas a2200253 4500
001 BR9606546
003 BR-BrBNA
005 20231205095359.0
007 ta
008 230509b bl.|||p| |||| 00| 00por d
040 _aBR-BrBNA
_bpor
_cBiblioteca Nacional de Agricultura
041 _a(En)
072 _aF60; U10
100 1 _aCalbo, A.G.
100 1 _aNery, A.A.
245 1 _aMethods to measure gaseous volume in plants
650 _aPlanta
650 _aVolume
650 _aPorosidade
650 _aModelo Matematico
773 0 _tRevista Brasileira de Fisiologia Vegetal (Brazil)
_xISSN 0103-3131
_g(Jul-Dec 1994), v. 6(2) p. 153-162
_wBR9606546
909 _a202311
_bLúcia
_c55
_dLúcia Elande
942 _2AGRIS
_n0
_cANA
999 _c150336
_d150336